[Event "Pere Noel"]
[Site "Montreal CAN"]
[Date "2019.12.27"]
[Round "2.18"]
[White "Goldner, John"]
[Black "Yan, Alex Jikai"]
[Result "1-0"]
[WhiteElo "1682"]
[BlackElo "1915"]
[PlyCount "105"]
[EventDate "2019.12.26"]
[EventType "swiss"]
[EventRounds "5"]
[EventCountry "CAN"]

1. e4 c5 2. b4 e5 3. Nf3 Nc6 4. Bb2 cxb4 5. a3 d6 6. axb4 Nf6 7. b5 Ne7 8. Nc3
Ng6 9. g3 Be7 10. Bg2 O-O 11. O-O b6 12. d4 Bb7 13. Re1 a5 14. dxe5 dxe5 15.
Qxd8 Bxd8 16. Nd2 Rc8 17. Rac1 Bc7 18. Na4 Ba8 19. Nc4 Rb8 20. Rcd1 Rfe8 21. f3
Nf8 22. Bc1 N8d7 23. Be3 Nc5 24. Bxc5 bxc5 25. b6 Bd8 26. Rb1 Re7 27. Nxa5 Nd7
28. Red1 Kf8 29. Nc4 Bc6 30. Nc3 f6 31. Rb2 Nxb6 32. Rxd8+ Rxd8 33. Rxb6 Be8
34. Nd5 Ra7 35. Rb1 Bf7 36. Nce3 Ra3 37. Rb5 Rc8 38. Kf2 Ke8 39. c4 Ra2+ 40.
Kg1 Ra1+ 41. Bf1 Ra2 42. Rb7 Kf8 43. Nb6 Rd8 44. Nd7+ Ke8 45. Nxc5 Rc8 46. Nb3
Rb2 47. Nf5 Rd8 48. Nc5 Rxb7 49. Nxb7 Rd7 50. Nbd6+ Kf8 51. Nxf7 Kxf7 52. Ne3
Rd2 53. c5 1-0

[Event "Pere Noel"]
[Site "Montreal CAN"]
[Date "2019.12.28"]
[Round "3.2"]
[White "Beaulieu, Eric"]
[Black "Rodrigue-Lemieux, Shawn"]
[Result "1/2-1/2"]
[WhiteElo "2225"]
[BlackElo "2387"]
[PlyCount "50"]
[EventDate "2019.12.26"]
[EventType "swiss"]
[EventRounds "5"]
[EventCountry "CAN"]

1. d4 Nf6 2. c4 e6 3. g3 d5 4. Bg2 Be7 5. Nf3 O-O 6. O-O dxc4 7. Qc2 a6 8. a4
Bd7 9. Qxc4 Bc6 10. Bf4 a5 11. Nc3 Na6 12. Rfe1 Ne4 13. Ne5 Bd5 14. Nxd5 exd5
15. Qb5 Nb4 16. Rac1 g5 17. Bxe4 dxe4 18. Be3 Qc8 19. Nd7 c6 20. Qf5 h6 21. Rc5
Rd8 22. Nf6+ Kf8 23. Nh7+ Kg8 24. Nf6+ Kf8 25. Nh7+ Kg8 1/2-1/2

[Event "Pere Noel"]
[Site "Montreal CAN"]
[Date "2019.12.28"]
[Round "3.3"]
[White "Nunez-Painchaud, Raphael"]
[Black "Leveille, Francois"]
[Result "0-1"]
[WhiteElo "2172"]
[BlackElo "2300"]
[PlyCount "56"]
[EventDate "2019.12.26"]
[EventType "swiss"]
[EventRounds "5"]
[EventCountry "CAN"]

1. c4 c6 2. d4 d5 3. Nf3 Nf6 4. Nc3 e6 5. cxd5 exd5 6. Bg5 h6 7. Bxf6 Qxf6 8.
e3 g6 9. Qc2 Be6 10. Bd3 Bg7 11. O-O O-O 12. Rfc1 Nd7 13. Na4 Rfc8 14. b4 Bf8
15. Nc5 Nxc5 16. dxc5 a5 17. Rab1 axb4 18. Nd4 Ra5 19. Nb3 Ra3 20. Qd2 Rca8 21.
Rc2 Bf5 22. Bxf5 Qxf5 23. Nd4 Qd3 24. Rxb4 Qxd2 25. Rxd2 Rxa2 26. Rxa2 Rxa2 27.
Nb3 Rb2 28. Kf1 b5 0-1

[Event "Pere Noel"]
[Site "Montreal CAN"]
[Date "2019.12.28"]
[Round "3.4"]
[White "Ouellet, Maili-Jade"]
[Black "Fillion, Steve"]
[Result "1-0"]
[WhiteElo "2346"]
[BlackElo "2129"]
[PlyCount "79"]
[EventDate "2019.12.26"]
[EventType "swiss"]
[EventRounds "5"]
[EventCountry "CAN"]

1. d4 d5 2. c4 c6 3. Nf3 Nf6 4. Nc3 a6 5. c5 Nbd7 6. Bf4 Nh5 7. Bd2 Nhf6 8. h3
e5 9. dxe5 Ne4 10. b4 Nxd2 11. Nxd2 a5 12. a3 Nxe5 13. e4 Be7 14. exd5 cxd5 15.
Bb5+ Nc6 16. O-O O-O 17. Bxc6 bxc6 18. Nb3 axb4 19. axb4 Rxa1 20. Qxa1 Bf6 21.
Na5 Qc7 22. Re1 Bf5 23. Qc1 h5 24. Na4 h4 25. Qd2 Rd8 26. Nb6 Kf8 27. Qe2 Bc3
28. Nxc6 Bxe1 29. Nxd8 Bxb4 30. Qh5 Kg8 31. Nxd5 Qxd8 32. Nxb4 Qd4 33. Qxf5
Qxb4 34. Qe5 Qc4 35. Qd6 Kh7 36. c6 Qc3 37. c7 Qc4 38. Qe5 Qc1+ 39. Kh2 Qc4 40.
Qf5+ 1-0

[Event "Pere Noel"]
[Site "Montreal CAN"]
[Date "2019.12.28"]
[Round "3.5"]
[White "Duong, Thanh Nha"]
[Black "Huang, Qiuyu"]
[Result "1-0"]
[WhiteElo "2295"]
[BlackElo "2181"]
[PlyCount "133"]
[EventDate "2019.12.26"]
[EventType "swiss"]
[EventRounds "5"]
[EventCountry "CAN"]

1. e4 c5 2. Nc3 Nc6 3. Bb5 Nd4 4. f4 Nxb5 5. Nxb5 g6 6. Nf3 Bg7 7. O-O Nf6 8.
d3 O-O 9. Qe1 d5 10. e5 Ng4 11. h3 Nh6 12. Nc3 Rb8 13. Qf2 b6 14. Bd2 Qd7 15.
Rfe1 Qc6 16. d4 f5 17. exf6 exf6 18. g4 Bd7 19. Be3 c4 20. Qg2 Be6 21. f5 Bf7
22. Qd2 g5 23. Nh2 Be8 24. Bf2 Bd7 25. Bg3 Rbd8 26. Qg2 Bc8 27. Re7 Rf7 28.
Rae1 Bf8 29. R7e3 Rg7 30. Nf1 b5 31. Bh2 b4 32. Nd1 Nf7 33. Ng3 Nd6 34. Nh5 Rf7
35. Nf2 Nb5 36. c3 Qa6 37. Re6 Bxe6 38. fxe6 Re7 39. Nxf6+ Kh8 40. Nxd5 Rxe6
41. Be5+ Bg7 42. Nxb4 Qc8 43. Bxg7+ Kxg7 44. Rxe6 Qxe6 45. Qb7+ Qd7 46. Qxd7+
Rxd7 47. Nc6 Nd6 48. Nd1 Kf6 49. Ne5 Rb7 50. Kf2 Ke6 51. Ke2 Rb8 52. Nc6 Rc8
53. Ne3 Ne4 54. d5+ Kd6 55. Nxc4+ Kc5 56. Ne3 Rf8 57. b4+ Kb6 58. c4 Nc3+ 59.
Kd3 Nxa2 60. Nf5 h5 61. c5+ Kb7 62. b5 hxg4 63. hxg4 Nc1+ 64. Kc4 Ne2 65. d6
Nf4 66. Nfd4 Kc8 67. Ne5 1-0

[Event "Pere Noel"]
[Site "Montreal CAN"]
[Date "2019.12.28"]
[Round "3.6"]
[White "Zhong, Kevin"]
[Black "Robichaud, Louis"]
[Result "1/2-1/2"]
[WhiteElo "2185"]
[BlackElo "2153"]
[PlyCount "46"]
[EventDate "2019.12.26"]
[EventType "swiss"]
[EventRounds "5"]
[EventCountry "CAN"]

1. e4 e5 2. Nf3 Nc6 3. Bc4 Bc5 4. c3 Nf6 5. d3 O-O 6. O-O d5 7. exd5 Nxd5 8. a4
a5 9. Re1 h6 10. Nbd2 Nf6 11. h3 Bd6 12. Bb5 Re8 13. Ne4 Nxe4 14. dxe4 Be6 15.
Be3 Qf6 16. Kh2 Red8 17. Qe2 Ne7 18. Bc4 Ng6 19. Nd2 Bd7 20. Bb5 Be6 21. Bc4
Bd7 22. Bb5 Be6 23. Bc4 Bd7 1/2-1/2

[Event "Pere Noel"]
[Site "Montreal CAN"]
[Date "2019.12.28"]
[Round "3.7"]
[White "Voskanyan, Vahagn"]
[Black "Tsukerman, Julia"]
[Result "1/2-1/2"]
[WhiteElo "2232"]
[BlackElo "1950"]
[PlyCount "74"]
[EventDate "2019.12.26"]
[EventType "swiss"]
[EventRounds "5"]
[EventCountry "CAN"]

1. Nf3 d5 2. d4 e6 3. c4 Nf6 4. Nc3 Be7 5. Bg5 Nbd7 6. e3 c6 7. cxd5 exd5 8.
Bd3 Nh5 9. Bxe7 Qxe7 10. O-O O-O 11. Qc2 g6 12. e4 dxe4 13. Nxe4 Ndf6 14. Rfe1
Ng7 15. Qc5 Qd8 16. Nd6 Ne6 17. Qa3 Qe7 18. Bc4 Rd8 19. Nxc8 Qxa3 20. bxa3
Raxc8 21. Bxe6 fxe6 22. Rxe6 Rf8 23. Re7 Rf7 24. Rae1 Nd5 25. Rxf7 Kxf7 26.
Ng5+ Kg7 27. h4 h6 28. Nf3 Kf6 29. Nd2 Rd8 30. Nb3 Nc3 31. f3 Nb5 32. Re4 Nxa3
33. Rf4+ Ke7 34. Kf2 b6 35. g4 Rd5 36. Re4+ Kf7 37. Rf4+ Ke7 1/2-1/2

[Event "Pere Noel"]
[Site "Montreal CAN"]
[Date "2019.12.28"]
[Round "3.8"]
[White "Galbradrakh, Enkh-Amar"]
[Black "Zhe, Jia"]
[Result "1-0"]
[WhiteElo "2152"]
[BlackElo "1916"]
[PlyCount "67"]
[EventDate "2019.12.26"]
[EventType "swiss"]
[EventRounds "5"]
[EventCountry "CAN"]

1. e4 c5 2. Nf3 d6 3. Nc3 a6 4. a4 Nf6 5. d4 cxd4 6. Nxd4 e5 7. Nf3 h6 8. Bc4
Qc7 9. Bb3 Be7 10. O-O O-O 11. h3 Be6 12. Nd5 Bxd5 13. exd5 Nbd7 14. c4 Nh7 15.
Qe2 Rae8 16. a5 f5 17. Bc2 Rf7 18. b4 Rc8 19. Nd2 Bg5 20. Bb3 Nhf6 21. Nf3 Bxc1
22. Raxc1 g5 23. c5 Ne4 24. Rc2 Qb8 25. Rfc1 Kh8 26. c6 Ndf6 27. Nxe5 Rg7 28.
Nd7 Nxd7 29. cxd7 Rxc2 30. Bxc2 Rxd7 31. Bxe4 fxe4 32. Qxe4 Qg8 33. Qd4+ Qg7
34. Rc8+ 1-0

[Event "Pere Noel"]
[Site "Montreal CAN"]
[Date "2019.12.28"]
[Round "3.9"]
[White "Kozlov, Guennadi"]
[Black "Allard, Laurent"]
[Result "0-1"]
[WhiteElo "1893"]
[BlackElo "2146"]
[PlyCount "62"]
[EventDate "2019.12.26"]
[EventType "swiss"]
[EventRounds "5"]
[EventCountry "CAN"]

1. e4 c5 2. Nf3 d6 3. d4 cxd4 4. c3 dxc3 5. Nxc3 Nc6 6. Bc4 Nf6 7. e5 dxe5 8.
Qxd8+ Kxd8 9. Ng5 Kc7 10. Nxf7 Rg8 11. Ng5 e6 12. Nxe6+ Bxe6 13. Bxe6 Rh8 14.
O-O Bc5 15. Bg5 Rad8 16. Rfd1 Nd4 17. Bh3 h6 18. Bxf6 gxf6 19. Ne4 Be7 20.
Rac1+ Kb6 21. Kf1 f5 22. Nd2 Bg5 23. Nc4+ Ka6 24. Rc3 e4 25. Ne3 f4 26. Ra3+
Kb6 27. Nc4+ Kb5 28. Rc3 e3 29. fxe3 fxe3 30. Re1 Rhf8+ 31. Kg1 Ne2+ 0-1

[Event "Pere Noel"]
[Site "Montreal CAN"]
[Date "2019.12.28"]
[Round "3.10"]
[White "Zheng, Richard"]
[Black "Gorunovich, Anna"]
[Result "1-0"]
[WhiteElo "2142"]
[BlackElo "1890"]
[PlyCount "63"]
[EventDate "2019.12.26"]
[EventType "swiss"]
[EventRounds "5"]
[EventCountry "CAN"]

1. b3 Nf6 2. Bb2 e6 3. e3 d5 4. f4 c5 5. Nf3 Be7 6. Be2 a6 7. O-O b5 8. a4 b4
9. h3 Bb7 10. d3 Nbd7 11. Nbd2 Qb6 12. Rc1 h5 13. Ne5 h4 14. Ndf3 Nxe5 15. Nxe5
c4 16. Bd4 Bc5 17. dxc4 Ne4 18. Bf3 Ng3 19. Re1 f6 20. Bxc5 Qxc5 21. Nd3 Qb6
22. cxd5 Bxd5 23. Bxd5 exd5 24. Nf2 Rd8 25. Qg4 Kf7 26. c3 bxc3 27. Rxc3 d4 28.
exd4 Rxd4 29. Rce3 g5 30. Re7+ Kg6 31. R1e6 Rd6 32. Qxg5# 1-0

[Event "Pere Noel"]
[Site "Montreal CAN"]
[Date "2019.12.28"]
[Round "3.11"]
[White "Mok, Yuen Tak"]
[Black "Guipi Bopala, Prince Eric jr"]
[Result "1-0"]
[WhiteElo "2069"]
[BlackElo "1863"]
[PlyCount "57"]
[EventDate "2019.12.26"]
[EventType "swiss"]
[EventRounds "5"]
[EventCountry "CAN"]

1. e4 e5 2. Nf3 Nc6 3. Bb5 a6 4. Ba4 Nf6 5. O-O Be7 6. Qe2 b5 7. Bb3 O-O 8. c3
d6 9. Rd1 Na5 10. Bc2 c5 11. d4 Qc7 12. d5 Bg4 13. b3 c4 14. h3 Bh5 15. b4 Nb7
16. a4 bxa4 17. Rxa4 Nd7 18. Be3 Rfc8 19. Nbd2 a5 20. Rda1 Bd8 21. R4a2 Bxf3
22. gxf3 a4 23. Bxa4 Nb6 24. Bc6 Rxa2 25. Rxa2 Qe7 26. Kh2 Ra8 27. Rxa8 Nxa8
28. Nxc4 Qc7 29. Qa2 1-0

[Event "Pere Noel"]
[Site "Montreal CAN"]
[Date "2019.12.28"]
[Round "3.12"]
[White "Hernandez, Juan Felipe"]
[Black "Steinberg, Ellis"]
[Result "0-1"]
[WhiteElo "1814"]
[BlackElo "2017"]
[PlyCount "104"]
[EventDate "2019.12.26"]
[EventType "swiss"]
[EventRounds "5"]
[EventCountry "CAN"]

1. e4 g6 2. d4 d6 3. Nc3 c6 4. Be3 Bg7 5. Qd2 b5 6. f3 Nd7 7. Bd3 Qa5 8. Nce2
Qxd2+ 9. Bxd2 Ngf6 10. f4 Bb7 11. Nf3 a6 12. O-O c5 13. e5 Ne4 14. Ng3 Nxd2 15.
Nxd2 cxd4 16. exd6 e6 17. Be4 O-O-O 18. Bxb7+ Kxb7 19. Nge4 h6 20. Nb3 Kb6 21.
Rad1 f5 22. Ng3 Nc5 23. Nxd4 Rxd6 24. c3 Rhd8 25. Nge2 e5 26. fxe5 Bxe5 27. Rf3
Ne6 28. Re3 Nxd4 29. Nxd4 Bxd4 30. Rxd4 Rxd4 31. cxd4 Kc6 32. Ra3 Kb6 33. Rd3
Rd6 34. Kf2 Kc6 35. Ke3 Re6+ 36. Kd2 Kd5 37. g3 Re4 38. Kc3 g5 39. Rf3 f4 40.
gxf4 gxf4 41. Rh3 Re6 42. Kd3 a5 43. Rh5+ Kd6 44. Rxb5 Re3+ 45. Kc4 Rh3 46.
Rb6+ Ke7 47. Kd5 f3 48. Ke5 Rh5+ 49. Ke4 f2 50. Rb7+ Kf8 51. Rb8+ Kg7 52. Rb7+
Kg6 0-1

[Event "Pere Noel"]
[Site "Montreal CAN"]
[Date "2019.12.28"]
[Round "3.13"]
[White "Richard, Leo"]
[Black "Forest, Jimmy"]
[Result "1/2-1/2"]
[WhiteElo "2016"]
[BlackElo "1807"]
[PlyCount "118"]
[EventDate "2019.12.26"]
[EventType "swiss"]
[EventRounds "5"]
[EventCountry "CAN"]

1. Nf3 Nc6 2. d4 d5 3. e3 Bg4 4. Be2 e6 5. O-O Nf6 6. Nbd2 Be7 7. c4 O-O 8. b3
a5 9. a3 Nb8 10. Bb2 Nbd7 11. c5 c6 12. b4 axb4 13. axb4 Qc7 14. h3 Bxf3 15.
Bxf3 b6 16. Qc2 bxc5 17. bxc5 Rfb8 18. Bc3 Nf8 19. Nb3 Bd8 20. Nd2 N6d7 21. e4
Nf6 22. e5 Ne8 23. Be2 f6 24. f4 f5 25. Ra4 Qc8 26. Rfa1 Nc7 27. Nb3 Rxa4 28.
Rxa4 Nb5 29. Ba5 Ng6 30. g3 Ne7 31. Bxd8 Qxd8 32. Na5 Qc7 33. Nb3 Nc8 34. Nc1
Qb7 35. g4 g6 36. gxf5 gxf5 37. Bd3 Qg7+ 38. Kh2 Nca7 39. Ne2 Kh8 40. Ra1 Qh6
41. Qd2 Rg8 42. Qe3 Qh4 43. Ra6 Qe1 44. Ra2 h5 45. Qf3 Qh4 46. Bxb5 Nxb5 47.
Ra4 Rg4 48. Rb4 Kh7 49. Ra4 Kh6 50. Rb4 Rg8 51. Ra4 Qe1 52. Ng3 Qd2+ 53. Qe2
Qxf4 54. Qxh5+ Kg7 55. Ra2 Nc7 56. Rg2 Kf8 57. Qh7 Rxg3 58. Rxg3 Qf2+ 59. Rg2
Qf4+ 1/2-1/2

[Event "Pere Noel"]
[Site "Montreal CAN"]
[Date "2019.12.28"]
[Round "3.14"]
[White "He, Jiaqi"]
[Black "Templonuevo, Mark Geryl"]
[Result "0-1"]
[WhiteElo "1639"]
[BlackElo "1989"]
[PlyCount "46"]
[EventDate "2019.12.26"]
[EventType "swiss"]
[EventRounds "5"]
[EventCountry "CAN"]

1. e4 e5 2. Nf3 Nc6 3. Bc4 Nf6 4. d3 Bc5 5. c3 O-O 6. O-O d5 7. exd5 Nxd5 8.
Re1 a6 9. Bb3 Bg4 10. h3 Bh5 11. Bc2 h6 12. Nbd2 f5 13. Nf1 f4 14. N1h2 Kh8 15.
Ng4 Bd6 16. d4 exd4 17. Nxd4 Bxg4 18. hxg4 Ne5 19. Ne6 Qh4 20. Nxf8 Rxf8 21.
Rxe5 Bxe5 22. Qxd5 f3 23. Qxe5 fxg2 0-1

[Event "Pere Noel"]
[Site "Montreal CAN"]
[Date "2019.12.28"]
[Round "3.15"]
[White "Goldner, John"]
[Black "Sekki, Abderaouf"]
[Result "1-0"]
[WhiteElo "1794"]
[BlackElo "1682"]
[PlyCount "55"]
[EventDate "2019.12.26"]
[EventType "swiss"]
[EventRounds "5"]
[EventCountry "CAN"]

1. e4 c5 2. b4 cxb4 3. Nf3 d6 4. d4 g6 5. Bd2 Nc6 6. a3 bxa3 7. Nxa3 Bg7 8. c3
e6 9. Bd3 Nge7 10. Nb5 O-O 11. O-O b6 12. Bc1 d5 13. Ba3 Qd7 14. Nd6 dxe4 15.
Bxe4 Rd8 16. Ne5 Nxe5 17. Bxa8 Ba6 18. dxe5 Bxf1 19. Qf3 Be2 20. Qxf7+ Kh8 21.
Bf3 Rf8 22. Bc6 Qxc6 23. Qxe7 Qxc3 24. Rc1 Qd4 25. Nf7+ Kg8 26. Qxe6 h5 27.
Bxf8 Bxf8 28. Qxg6+ 1-0

[Event "Pere Noel"]
[Site "Montreal CAN"]
[Date "2019.12.28"]
[Round "3.16"]
[White "Craciun, David"]
[Black "Yang, Kun"]
[Result "1-0"]
[WhiteElo "1901"]
[BlackElo "1071"]
[PlyCount "73"]
[EventDate "2019.12.26"]
[EventType "swiss"]
[EventRounds "5"]
[EventCountry "CAN"]

1. d4 Nf6 2. Bf4 e6 3. Nf3 Be7 4. h3 d5 5. a3 Nbd7 6. Nbd2 c5 7. e3 b6 8. Bd3
Bb7 9. Ne5 Rc8 10. O-O O-O 11. Qf3 c4 12. Bxc4 Nxe5 13. dxe5 dxc4 14. Qxb7 Rc7
15. Qf3 Nd5 16. Rfd1 Qe8 17. Ne4 Nxf4 18. exf4 Rd7 19. Rxd7 Qxd7 20. Rd1 Qc7
21. Qe2 b5 22. Nd6 a6 23. f5 f6 24. exf6 Bxf6 25. Qxe6+ Kh8 26. Ne8 Qf7 27.
Qxf7 Rxf7 28. Nxf6 gxf6 29. Rd6 a5 30. Rb6 b4 31. axb4 axb4 32. Rxb4 Rc7 33.
Kf1 Kg7 34. Ke2 Kf7 35. Kd2 Ke7 36. Kc3 Rc5 37. g4 1-0

[Event "Pere Noel"]
[Site "Montreal CAN"]
[Date "2019.12.28"]
[Round "3.17"]
[White "Wang, Isabelle"]
[Black "Landry, Sylvain"]
[Result "0-1"]
[WhiteElo "1669"]
[BlackElo "1974"]
[PlyCount "94"]
[EventDate "2019.12.26"]
[EventType "swiss"]
[EventRounds "5"]
[EventCountry "CAN"]

1. e4 c5 2. Nf3 d6 3. d4 cxd4 4. Nxd4 Nf6 5. Nc3 a6 6. Be2 e5 7. Nb3 Be7 8. O-O
O-O 9. f4 Nbd7 10. Qe1 b5 11. a3 Bb7 12. Bd3 Rc8 13. fxe5 dxe5 14. Kh1 Kh8 15.
Bd2 Nb6 16. Rd1 Qc7 17. Bg5 Nbd7 18. Bd2 Bc6 19. Qe2 Rfe8 20. Rde1 Nf8 21. Qf2
Ng6 22. Qg3 Qd7 23. Qf2 Qc7 24. Qg3 Nh5 25. Qf3 Nhf4 26. Bxf4 Nxf4 27. Ne2 Bf6
28. Nxf4 exf4 29. c3 Be5 30. Nd4 Bb7 31. Ne2 g5 32. h4 f6 33. hxg5 fxg5 34. Nd4
Qf7 35. Qg4 Rg8 36. Nf5 h5 37. Qe2 g4 38. Nh6 Qf6 39. Nf5 Rg5 40. Rd1 Rc7 41.
Bc2 f3 42. gxf3 Rxf5 43. exf5 gxf3 44. Qf2 Rg7 45. Rg1 Bg3 46. Qd4 f2+ 47. Rg2
Bxg2+ 0-1

[Event "Pere Noel"]
[Site "Montreal CAN"]
[Date "2019.12.28"]
[Round "3.18"]
[White "Yan, Alex Jikai"]
[Black "He, Zekai"]
[Result "1-0"]
[WhiteElo "1915"]
[BlackElo "1667"]
[PlyCount "89"]
[EventDate "2019.12.26"]
[EventType "swiss"]
[EventRounds "5"]
[EventCountry "CAN"]

1. e4 c5 2. Nf3 Nc6 3. d4 cxd4 4. Nxd4 Nf6 5. Nc3 e6 6. Ndb5 d6 7. Bf4 e5 8.
Bg5 a6 9. Na3 b5 10. Nd5 Be7 11. Bxf6 Bxf6 12. c3 O-O 13. Be2 Bb7 14. Nc2 Rc8
15. Bg4 Ra8 16. O-O Re8 17. Qd3 Na5 18. Nce3 Bxd5 19. Nxd5 Nc4 20. b3 Nb6 21.
Ne3 Qc7 22. Rfd1 Rad8 23. c4 bxc4 24. Nxc4 Nxc4 25. Qxc4 Qb6 26. Rac1 Bh4 27.
g3 Bg5 28. Rc2 Be7 29. Qc6 Qa5 30. Bd7 Rf8 31. Qc7 Qa3 32. Ba4 Bf6 33. Qc6 a5
34. Qb6 Be7 35. Qxa5 f5 36. Qd5+ Kh8 37. Qe6 Bg5 38. h4 Rf6 39. Qe7 Rg6 40.
hxg5 Rg8 41. exf5 Rxg5 42. Qxg5 Qb4 43. Rcd2 e4 44. Rxd6 Qc3 45. Rd8 1-0

[Event "Pere Noel"]
[Site "Montreal CAN"]
[Date "2019.12.29"]
[Round "4.2"]
[White "Rodrigue-Lemieux, Shawn"]
[Black "Duong, Thanh Nha"]
[Result "1/2-1/2"]
[WhiteElo "2387"]
[BlackElo "2295"]
[PlyCount "119"]
[EventDate "2019.12.26"]
[EventType "swiss"]
[EventRounds "5"]
[EventCountry "CAN"]

1. c4 e5 2. a3 Nf6 3. d3 g6 4. g3 Bg7 5. Bg2 O-O 6. Nc3 d6 7. e3 Re8 8. Nge2
Nbd7 9. O-O Nf8 10. b4 h5 11. h3 c6 12. e4 N6h7 13. Be3 h4 14. g4 g5 15. d4 Ng6
16. d5 cxd5 17. Nxd5 Nf4 18. Ra2 Nf6 19. Nxf6+ Qxf6 20. Rd2 Bf8 21. Nc3 Be6 22.
Nd5 Bxd5 23. cxd5 Rec8 24. Qb3 Be7 25. Rc2 Rxc2 26. Qxc2 Bd8 27. a4 Bb6 28. a5
Bd4 29. Rd1 Qd8 30. Bxf4 gxf4 31. Rc1 a6 32. Qc7 b6 33. axb6 Bxb6 34. Qxd8+
Rxd8 35. Rc6 Bd4 36. Rxa6 Kf8 37. Bf1 Ke7 38. Rc6 Rb8 39. b5 Rb7 40. g5 f3 41.
Ra6 Bc5 42. Ra2 Rb8 43. Rb2 Rg8 44. b6 Rxg5+ 45. Kh1 Rg8 46. b7 Rb8 47. Rb3 f5
48. Bd3 Bxf2 49. exf5 Bc5 50. Be4 f2 51. Rb1 Bb6 52. Kg2 Rxb7 53. Kf1 Kf6 54.
Ke2 Kg5 55. Bd3 Rb8 56. Rb4 Kf6 57. Be4 Ke7 58. Rb1 Kf6 59. Rb4 Ke7 60. Rb1
1/2-1/2

[Event "Pere Noel"]
[Site "Montreal CAN"]
[Date "2019.12.29"]
[Round "4.3"]
[White "Ouellet, Maili-Jade"]
[Black "Beaulieu, Eric"]
[Result "1-0"]
[WhiteElo "2346"]
[BlackElo "2225"]
[PlyCount "51"]
[EventDate "2019.12.26"]
[EventType "swiss"]
[EventRounds "5"]
[EventCountry "CAN"]

1. d4 Nf6 2. c4 e6 3. Nf3 d5 4. g3 Be7 5. Bg2 O-O 6. O-O dxc4 7. Ne5 Nc6 8.
Bxc6 bxc6 9. Nxc6 Qe8 10. Nxe7+ Qxe7 11. Qa4 e5 12. dxe5 Qxe5 13. Qxc4 Be6 14.
Qd3 Rfd8 15. Qe3 Qh5 16. f3 Bc4 17. Qf2 Nd5 18. Nd2 Ba6 19. Ne4 Qe5 20. Re1
Rab8 21. Rb1 Rb6 22. b3 Nb4 23. Bf4 Qe7 24. Bg5 f6 25. Be3 Nc2 26. Bxb6 1-0

[Event "Pere Noel"]
[Site "Montreal CAN"]
[Date "2019.12.29"]
[Round "4.4"]
[White "Saha, Ananda"]
[Black "Zheng, Richard"]
[Result "1-0"]
[WhiteElo "2270"]
[BlackElo "2142"]
[PlyCount "97"]
[EventDate "2019.12.26"]
[EventType "swiss"]
[EventRounds "5"]
[EventCountry "CAN"]

1. Nf3 Nf6 2. g3 d5 3. Bg2 Bg4 4. O-O e6 5. d3 Nbd7 6. c4 c6 7. Nbd2 Bc5 8. b3
O-O 9. Bb2 Re8 10. Qc2 Qc7 11. e4 e5 12. Rac1 d4 13. h3 Bxf3 14. Nxf3 Rf8 15.
Nh4 g6 16. Rce1 Nh5 17. Bf3 Ng7 18. Bc1 Bb4 19. Rd1 Be7 20. Ng2 a5 21. Be2 a4
22. f4 axb3 23. axb3 f6 24. Bd2 Ra3 25. Ra1 Rfa8 26. Rxa3 Rxa3 27. b4 b6 28.
Rb1 Qa7 29. Ne1 Ra2 30. Rb2 Ra3 31. Bd1 Ne6 32. Qc1 Bd6 33. c5 Rc3 34. Bxc3
dxc3 35. Qxc3 bxc5 36. Qc4 cxb4+ 37. Kf1 Ndf8 38. f5 Qe3 39. fxe6 Kg7 40. Qxc6
Bc5 41. Rg2 Kh6 42. Qd5 b3 43. Qxb3 g5 44. Qa2 Qd4 45. Qf2 Qd6 46. Qxf6+ Ng6
47. h4 gxh4 48. gxh4 Be3 49. Rxg6+ 1-0

[Event "Pere Noel"]
[Site "Montreal CAN"]
[Date "2019.12.29"]
[Round "4.5"]
[White "Mok, Yuen Tak"]
[Black "Zhong, Kevin"]
[Result "1-0"]
[WhiteElo "2069"]
[BlackElo "2185"]
[PlyCount "95"]
[EventDate "2019.12.26"]
[EventType "swiss"]
[EventRounds "5"]
[EventCountry "CAN"]

1. e4 c5 2. c3 d5 3. exd5 Qxd5 4. d4 g6 5. Na3 cxd4 6. Nb5 Na6 7. Qxd4 Qxd4 8.
Nxd4 Bg7 9. Bb5+ Bd7 10. Bxd7+ Kxd7 11. Be3 b6 12. O-O-O Kc7 13. Ngf3 Nc5 14.
Bf4+ Kb7 15. Rhe1 a6 16. Kc2 e6 17. Nb3 Nxb3 18. Rd7+ Kc8 19. Rxf7 Nc5 20. Rxg7
Nf6 21. Be5 Nd5 22. Nd4 Rf8 23. f3 Nd7 24. Bd6 Re8 25. Rxe6 Ne3+ 26. Kc1 Rxe6
27. Nxe6 Nf5 28. Rg8+ Kb7 29. Rxa8 Kxa8 30. Bg3 Ne3 31. Kd2 Nc4+ 32. Kc2 Kb7
33. b3 Ne3+ 34. Kd3 Nf5 35. Bf4 Nh4 36. Bg3 Nf5 37. b4 Kc6 38. Nd4+ Nxd4 39.
Kxd4 b5 40. Bh4 Kd6 41. Bg3+ Kc6 42. Be5 Nb6 43. h4 Nc4 44. Bf4 Na3 45. g4 Nc2+
46. Ke4 Kd7 47. Be5 Ke6 48. f4 1-0

[Event "Pere Noel"]
[Site "Montreal CAN"]
[Date "2019.12.29"]
[Round "4.6"]
[White "Templonuevo, Mark Geryl"]
[Black "Nunez-Painchaud, Raphael"]
[Result "0-1"]
[WhiteElo "1989"]
[BlackElo "2172"]
[PlyCount "66"]
[EventDate "2019.12.26"]
[EventType "swiss"]
[EventRounds "5"]
[EventCountry "CAN"]

1. c4 Nf6 2. Nf3 e6 3. g3 b6 4. Bg2 Bb7 5. O-O Be7 6. Nc3 O-O 7. d4 Ne4 8. Qc2
Nxc3 9. Qxc3 d6 10. Rd1 Nd7 11. b4 c5 12. bxc5 dxc5 13. Be3 Bf6 14. Rac1 Qe7
15. Qc2 cxd4 16. Nxd4 Bxg2 17. Kxg2 Rac8 18. Nb5 a6 19. Nd6 Rc6 20. Ne4 Ne5 21.
Qa4 Qb7 22. Kg1 Be7 23. Qb3 Ng4 24. Bd4 f5 25. Nd2 e5 26. Bb2 Bc5 27. Nf3 Nxf2
28. Kf1 Nxd1 29. Rxd1 f4 30. Bxe5 fxg3 31. hxg3 Qe7 32. Bf4 g5 33. Qd3 gxf4 0-1

[Event "Pere Noel"]
[Site "Montreal CAN"]
[Date "2019.12.29"]
[Round "4.7"]
[White "Steinberg, Ellis"]
[Black "Galbradrakh, Enkh-Amar"]
[Result "0-1"]
[WhiteElo "2017"]
[BlackElo "2152"]
[PlyCount "66"]
[EventDate "2019.12.26"]
[EventType "swiss"]
[EventRounds "5"]
[EventCountry "CAN"]

1. e4 c5 2. Nf3 d6 3. d4 cxd4 4. Nxd4 Nf6 5. Nc3 Nc6 6. f3 e6 7. Be3 Be7 8. Qd2
a6 9. O-O-O O-O 10. g4 Nxd4 11. Bxd4 b5 12. Kb1 b4 13. Ne2 e5 14. Be3 Be6 15.
Ng3 Qa5 16. b3 Rfd8 17. g5 Ne8 18. Nf5 Bf8 19. Qf2 Rab8 20. Bd3 Nc7 21. Ng3 d5
22. Ne2 d4 23. Bc1 Nb5 24. Bxb5 Qxb5 25. f4 d3 26. cxd3 Rxd3 27. f5 Bc5 28. Qg2
Rbd8 29. Rxd3 Qxd3+ 30. Ka1 Qc2 31. fxe6 Bd4+ 32. Nxd4 Qxg2 33. e7 Re8 0-1

[Event "Pere Noel"]
[Site "Montreal CAN"]
[Date "2019.12.29"]
[Round "4.8"]
[White "Allard, Laurent"]
[Black "Goldner, John"]
[Result "1-0"]
[WhiteElo "2146"]
[BlackElo "1682"]
[PlyCount "63"]
[EventDate "2019.12.26"]
[EventType "swiss"]
[EventRounds "5"]
[EventCountry "CAN"]

1. e4 c5 2. Nf3 Nc6 3. d4 cxd4 4. Nxd4 Nf6 5. Nc3 e5 6. Ndb5 d6 7. Bg5 a6 8.
Na3 b5 9. Nd5 Be7 10. Bxf6 Bxf6 11. c3 Bg5 12. Nc2 Rb8 13. Ncb4 Nxb4 14. cxb4
Bb7 15. a4 bxa4 16. Qxa4+ Qd7 17. Bxa6 Bc6 18. b5 Bxd5 19. exd5 O-O 20. O-O f5
21. Qb4 Rb6 22. Ra3 Rfb8 23. Qc4 e4 24. Rc3 Bd8 25. Rfc1 Qf7 26. f3 Qa7 27. Kh1
Bg5 28. Rf1 e3 29. Qd3 f4 30. Rfc1 Qe7 31. Bc8 e2 32. Be6+ 1-0

[Event "Pere Noel"]
[Site "Montreal CAN"]
[Date "2019.12.29"]
[Round "4.9"]
[White "Forest, Jimmy"]
[Black "Voskanyan, Vahagn"]
[Result "0-1"]
[WhiteElo "1807"]
[BlackElo "2232"]
[PlyCount "94"]
[EventDate "2019.12.26"]
[EventType "swiss"]
[EventRounds "5"]
[EventCountry "CAN"]

1. d4 Nf6 2. Bf4 d5 3. e3 c5 4. c3 Nc6 5. Nd2 cxd4 6. exd4 g6 7. Ngf3 Bg7 8.
Be2 O-O 9. Ne5 Nd7 10. Nxd7 Qxd7 11. Nf3 f6 12. h4 e5 13. Be3 e4 14. Nd2 f5 15.
g3 h6 16. Qb3 Kh7 17. Nf1 a6 18. Bf4 b5 19. Ne3 Rd8 20. g4 fxg4 21. Bxg4 Qf7
22. Bxc8 Raxc8 23. Ng2 Bxd4 24. Qa3 Ne5 25. cxd4 Nd3+ 26. Kf1 Nxf4 27. Nxf4
Qxf4 28. Qe7+ Kg8 29. Rg1 Qf7 30. Qa3 Rc6 31. Rg2 Rf8 32. Kg1 Rf6 33. Rc1 Rxf2
34. Qxf8+ Qxf8 35. Rxf2 Qd6 36. h5 g5 37. Kf1 e3 38. Rf3 Qh2 39. Rc8+ Kg7 40.
Rcf8 Qxh5 41. R8f5 Qh1+ 42. Ke2 Qc1 43. Rf7+ Kg6 44. Rf1 Qc2+ 45. Kf3 Qe4+ 46.
Ke2 a5 47. a3 a4 0-1